LEADER 01428nam a2200313 u 4500 001 000000079336 003 CaOOAMICUS 005 20070226123528.0 008 040531s1999 gw u000 u eng u 020 $a3110154846 035 $a10997329 040 $aPUL$bita 245 00$aActions, norms, values :$bdiscussions with Georg Henrik von Wright /$cedited by Georg Meggle ; assisted by Andreas Wojcik. 260 $aBerlin ;$aNew York :$bDe Gruyter,$c1999. 300 $axix, 370 p. ;$c23 cm 490 1 $aPerspektiven der Analytischen Philosophie ;$vBd 21 500 $aContiene indici. 504 $aBibliografia in nota. 600 14$aWright, Georg Henrik von,$d1916-$0(OLS)http://pul/subject/26809 650 4$aAnalisi (filosofia).$0(OLS)http://pul/subject/8544 700 1 $aWojcik, Andreas.$0(OLS)http://pul/name/52855 700 1 $aMeggle, Georg.$0(OLS)http://pul/name/52854 830 0$aPerspektiven der Analytischen Philosophie ;$vBd 21.$0(OLS)http://pul/title/103884 850 $aPUL 852 $aPUL$W1$xSL Filosofia 3$y81$m198. 8 MEGGE 1$j101540$nBK-PRI$qDDC 21$B101540$CPULBib$Z2$F101540 $HPUL88016 $82 941 1 $a9 996 $6020$a3110154846$9(OLS)http://pul/number/104244 996 $6245$aActions, norms, values :$bdiscussions with Georg Henrik von Wright$9(OLS)http://pul/title/103883 996 $6260$aBerlin ;$aNew York :$bDe Gruyter$9(OLS)http://pul/publisher/60281 LEADER 01239nam a2200277 u 4500 001 000000081318 003 CaOOAMICUS 005 20070226123737.0 008 050318s1923 it u000 u ita u 035 $a11035256 040 $aPUL(R)$bita 100 1 $aColomer B.$0(OLS)http://pul/name/54208 245 13$aLa Bibbia e le teorie scientifiche :$bla chiesa custode infallibile delle Divine Scritture. Sua attitudine di fronte alla Scienza /$cper B. Colomer. 250 $a2. ed. 260 $aRoma :$bDesclée e Comp.,$c1923. 300 $a62 p. ;$c19 cm 490 1 $aScienza e religione.$aStudi per i tempi presenti ;$v5 504 $aBibliografia in nota. 630 04$aBiblia.$0(OLS)http://pul/subject/2876 830 0$aScienza e religione.$pStudi per i tempi presenti ;$v5.$0(OLS)http://pul/title/3545 850 $aPUL 852 $aPUL$W1$xDP1 Fondo Cecchetti$y53$m260 G 59$j103755$nBK-PRI$qFondi$B103755$CPULBib$Z2$F103755 $81 941 1 $a1 960 $aBibbia$92876 996 $6245$aLa Bibbia e le teorie scientifiche :$bla chiesa custode infallibile delle Divine Scritture. Sua attitudine di fronte alla Scienza$9(OLS)http://pul/title/106371 996 $6260$aRoma :$bDesclée e Comp.$9(OLS)http://pul/publisher/67798